MARC

LEADER 00000nam0a2200000 4500
001 303002
005 20231102001547.0
035 |a (RuTPU)RU\TPU\book\328220 
090 |a 303002 
100 |a 20150828d1965 k y0rusy50 ca 
101 0 |a rus 
102 |a RU 
105 |a a z 001zy 
200 1 |a Теория, расчёт и исследование высокоиспользованных электрических машин  |f Академия наук СССР (АН СССР), Институт электромеханики ; под ред. Я. Б. Данилевича 
210 |a Москва  |a Ленинград  |c Наука  |d 1965 
215 |a 243 с.  |c ил. 
320 |a Библиография в конце статей 
606 1 |a Электрические машины  |x Исследование  |2 stltpush  |3 (RuTPU)RU\TPU\subj\27105  |9 50903 
610 1 |a использование 
610 1 |a теория 
610 1 |a расчеты 
610 1 |a турбогенераторы 
610 1 |a технико-экономические показатели 
610 1 |a синхронные машины 
610 1 |a роторы 
610 1 |a асинхронные двигатели 
610 1 |a электромагниты 
675 |a 621.313.001.5  |v 3 
702 1 |a Данилевич  |b Я. Б.  |4 340 
712 0 2 |a Академия наук СССР (АН СССР)  |b Институт электромеханики  |2 stltpush  |3 (RuTPU)RU\TPU\col\19758 
801 1 |a RU  |b 63413507  |c 20150828 
801 2 |a RU  |b 63413507  |c 20220323  |g RCR 
942 |c BK